000
00331 a2200157 4500
001
163066
020
_a
040
_c
Magnum
100
_a
Rodrigues, Rosicler Martins
240
1
0
_a
Animais de estimacao
_l
por
245
1
0
_a
Animais de estimacao
362
0
_a
1899
440
1
_a
Moderna
697
_a
IJ/ANIMAIS
942
_c
BK
999
_c
163066
_d
163066